BCIS five year forecast (Record no. 108676)

MARC details
000 -LEADER
fixed length control field 00712cam a22002295a 4500
001 - CONTROL NUMBER
control field L145027
008 - FIXED-LENGTH DATA ELEMENTS--GENERAL INFORMATION
fixed length control field 080902s2008 xxk f 000 0 eng d
020 ## - INTERNATIONAL STANDARD BOOK NUMBER
International Standard Book Number 9781904829850
035 ## - SYSTEM CONTROL NUMBER
System control number (Sirsi) u145027
041 0# - LANGUAGE CODE
Language code of text/sound track or separate title eng
050 04 - LIBRARY OF CONGRESS CALL NUMBER
Classification number 692.5 $2 18
110 2# - MAIN ENTRY--CORPORATE NAME
Corporate name or jurisdiction name as entry element Building Cost Information Service
9 (RLIN) 1096
245 00 - TITLE STATEMENT
Title BCIS five year forecast
Remainder of title August 2008
260 ## - PUBLICATION, DISTRIBUTION, ETC.
Place of publication, distribution, etc. London
Name of publisher, distributor, etc. BCIS
Date of publication, distribution, etc. 2008
300 ## - PHYSICAL DESCRIPTION
Extent 23p.
Dimensions 30cm.
490 #0 - SERIES STATEMENT
Series statement BCIS Five Year Forecast
Volume/sequential designation August 2008
505 2# - FORMATTED CONTENTS NOTE
Formatted contents note Briefing -- Recent trends in the construction industry -- Forecast -- Tender Price Indices - Input Cost Indices
590 ## - LOCAL NOTE (RLIN)
Local note KA
651 #4 - SUBJECT ADDED ENTRY--GEOGRAPHIC NAME
Geographic name United Kingdom
Chronological subdivision
690 ## - LOCAL SUBJECT ADDED ENTRY--TOPICAL TERM (OCLC, RLIN)
Topical term or geographic name as entry element BUILT ENVIRONMENT-BUILDING COSTS
942 ## - ADDED ENTRY ELEMENTS (KOHA)
Suppress in OPAC 0
Holdings
Withdrawn status Lost status Source of classification or shelving scheme Damaged status Not for loan Home library Current library Shelving location Date acquired Total Checkouts Full call number Barcode Date last seen Copy number Price effective from Koha item type
    Dewey Decimal Classification     London London RICS Boxes 02/09/2008   RICS 2008/37 30074878 06/08/2019 2 06/08/2019 Reference material
    Dewey Decimal Classification     London London RICS Boxes 02/09/2008   RICS 2008/37 30074880 06/08/2019 3 06/08/2019 Book
    Dewey Decimal Classification     London London RICS Boxes 21/05/2009   RICS 2008/37 30074959 06/08/2019 4 06/08/2019 Archive